<?xml version="1.0" encoding="UTF-8"?>
<record
    xmlns:xsi="http://www.w3.org/2001/XMLSchema-instance"
    xsi:schemaLocation="http://www.loc.gov/MARC21/slim http://www.loc.gov/standards/marcxml/schema/MARC21slim.xsd"
    xmlns="http://www.loc.gov/MARC21/slim">

  <leader>00991nas a2200289 i 4500</leader>
  <controlfield tag="001">186573</controlfield>
  <controlfield tag="003">ES-MaACL</controlfield>
  <controlfield tag="005">20250217134921.0</controlfield>
  <controlfield tag="007">t|</controlfield>
  <controlfield tag="008">161130u1960    sp a| m      l|    |spa d</controlfield>
  <datafield tag="080" ind1=" " ind2=" ">
    <subfield code="a">94(460.313 Benet&#xFA;sser)</subfield>
  </datafield>
  <datafield tag="080" ind1=" " ind2=" ">
    <subfield code="a">908.460.313 Benet&#xFA;sser</subfield>
  </datafield>
  <datafield tag="245" ind1="0" ind2="0">
    <subfield code="a">Efem&#xE9;rides y datos hist&#xF3;ricos de Benet&#xFA;ser </subfield>
    <subfield code="b">: memoria del a&#xF1;o_ /</subfield>
    <subfield code="c">por Vicente Ricart y Bonillo.</subfield>
  </datafield>
  <datafield tag="246" ind1="3" ind2=" ">
    <subfield code="a">Efem&#xE9;rides y datos hist&#xF3;ricos de Benet&#xFA;sser</subfield>
  </datafield>
  <datafield tag="260" ind1=" " ind2=" ">
    <subfield code="a">Benet&#xFA;ser [Valencia] : </subfield>
    <subfield code="b">Ayuntamiento de Benet&#xFA;ser, </subfield>
    <subfield code="c">[1960- ]</subfield>
  </datafield>
  <datafield tag="300" ind1=" " ind2=" ">
    <subfield code="a">7 v. ; </subfield>
    <subfield code="c">25 cm.</subfield>
  </datafield>
  <datafield tag="310" ind1=" " ind2=" ">
    <subfield code="a">Anual</subfield>
  </datafield>
  <datafield tag="590" ind1="0" ind2=" ">
    <subfield code="a">1959.</subfield>
  </datafield>
  <datafield tag="594" ind1=" " ind2=" ">
    <subfield code="a">Redactor: Vicente Ricart y Bonillo.</subfield>
  </datafield>
  <datafield tag="651" ind1=" " ind2="4">
    <subfield code="a">Benet&#xFA;sser-</subfield>
    <subfield code="x">Historia.</subfield>
    <subfield code="9">161378</subfield>
  </datafield>
  <datafield tag="651" ind1=" " ind2="4">
    <subfield code="a">Benet&#xFA;sser-</subfield>
    <subfield code="x">Descripci&#xF3;n.</subfield>
    <subfield code="9">174900</subfield>
  </datafield>
  <datafield tag="700" ind1="1" ind2=" ">
    <subfield code="a">Ricart y Bonillo, Vicente.</subfield>
    <subfield code="9">96867</subfield>
  </datafield>
  <datafield tag="710" ind1="1" ind2=" ">
    <subfield code="a">Benet&#xFA;sser. </subfield>
    <subfield code="b">Ayuntamiento.</subfield>
    <subfield code="9">161379</subfield>
  </datafield>
  <datafield tag="852" ind1="4" ind2=" ">
    <subfield code="a">ES-MaACL</subfield>
    <subfield code="j">2333-F-1-7</subfield>
  </datafield>
  <datafield tag="866" ind1=" " ind2="0">
    <subfield code="o">1959, 1960, 1962, 1963, 1964, 1966, 1972</subfield>
  </datafield>
  <datafield tag="999" ind1=" " ind2=" ">
    <subfield code="c">186573</subfield>
    <subfield code="d">186573</subfield>
  </datafield>
  <datafield tag="952" ind1=" " ind2=" ">
    <subfield code="0">0</subfield>
    <subfield code="1">0</subfield>
    <subfield code="4">0</subfield>
    <subfield code="7">0</subfield>
    <subfield code="8">Colecci&#xF3;n_de_folletos</subfield>
    <subfield code="a">ATENEOM</subfield>
    <subfield code="b">ATENEOM</subfield>
    <subfield code="c">DEPOF</subfield>
    <subfield code="d">2016-11-30</subfield>
    <subfield code="e">DON</subfield>
    <subfield code="l">0</subfield>
    <subfield code="o">2333-F-1-7</subfield>
    <subfield code="p">1196743</subfield>
    <subfield code="r">2023-02-23 00:00:00</subfield>
    <subfield code="w">2023-02-23</subfield>
    <subfield code="y">FOLLETOS</subfield>
  </datafield>
</record>
